00442cam a2200181ua 4500001000500000005001700005008003900022020001500061040000900076041000800085082000800093100003100101245003800132250000900170260003200179300001000211653003900221888420260515114409.0150216n ii |||gr||||Z||||||eng a8170966558 cMAIN aeng a480 aSnodgrass, M. E.,eAuthor.1 aGreek clasicscBy M. E. Snodgrass a1st. aNew Delhi:bKalyani,c1992. a420p. aHellenic languages classical Greek